书目信息 |
| 题名: |
林语堂散文选集
|
|
| 作者: | 林呐 主编 | |
| 分册: | ||
| 出版信息: | 天津 百花文艺出版社 1987.07 |
|
| 页数: | 274页 | |
| 开本: | 32开 | |
| 丛书名: | ||
| 单 册: | ||
| 中图分类: | I266 | |
| 科图分类: | ||
| 主题词: | 散文--中国 , 散文--作品综合集--中国 | |
| 电子资源: | ||
| ISBN: | 7-5306-0028-1 | |
| 000 | 00563nam0 2200205 45 | |
| 001 | 9909271513 | |
| 005 | 20070409151929.68 | |
| 010 | @a7-5306-0028-1@d8.20元 | |
| 100 | @a19990927d1987 km y0chiy0120 ea | |
| 101 | @achi | |
| 200 | 1 | @a林语堂散文选集@ALin Yu Tang San Wen Xuan Ji@f林呐等主编@FLin Na Deng Zhu Bian |
| 210 | @a天津@c百花文艺出版社@d1987.07 | |
| 215 | @a274页@d32开 | |
| 606 | 0 | @a散文@x中国 |
| 606 | 0 | @a散文@x作品综合集@x中国 |
| 690 | @aI266 | |
| 690 | @v3 | |
| 701 | @a林呐@4主编 | |
| 801 | @aCN@c20070409 | |
| 905 | @f3@b40727-729@dI266@eL.013/4 | |
| 林语堂散文选集/林呐等主编.-天津:百花文艺出版社,1987.07 |
| 274页;32开 |
| ISBN 7-5306-0028-1:8.20元 |
| ● |
| 相关链接 |
|
|
|
正题名:林语堂散文选集
索取号:I266/L.013/4
 
预约/预借
| 序号 | 登录号 | 条形码 | 馆藏地/架位号 | 状态 | 备注 |
| 1 | 40727 | 200407274 | 文学库116/ [索取号:I266/L.013/4] | 在馆 | |
| 2 | 40728 | 200407283 | 文学库116/ [索取号:I266/L.013/4] | 在馆 | |
| 3 | 40729 | 200407292 | 社科二线400B/400B社科库 25排1列3层/ [索取号:I266/L.013/4] | 在馆 | |
| 4 | 449430 | 204494305 | 文学库116/116文学库 1排4列5层/ [索取号:I266/L.013/4] | 在馆 | |
| 5 | 449431 | 204494314 | 社科二线422/422社科库 28排3列1层/ [索取号:I266/L.013/4] | 在馆 |